[Event "2019 Tom Weston Open Major"]
[Site "Cardiff"]
[Date "2019.04.22"]
[Round "7.4"]
[White "Di-Vetta, Andrew"]
[Black "Borkowski, J Andrew"]
[Result "1/2-1/2"]
[WhiteElo "1730"]
[BlackElo "1796"]
[PlyCount "128"]
[EventDate "2019.04.19"]
[EventType "swiss"]
[EventRounds "7"]
[EventCountry "WLS"]

1. e4 {[%emt 0:00:08]} d6 {[%emt 0:00:05]} 2. d4 {[%emt 0:00:04]} e5 {[%emt 0:
00:04]} 3. Nf3 {[%emt 0:00:04]} exd4 {[%emt 0:00:05]} 4. Nxd4 {[%emt 0:00:05]}
Nf6 {[%emt 0:00:08]} 5. Nc3 {[%emt 0:00:31]} Be7 {[%emt 0:00:05]} 6. Bd3 {
[%emt 0:02:08]} O-O {[%emt 0:00:20]} 7. h3 {[%emt 0:01:30]} Re8 {[%emt 0:00:52]
} 8. Be3 {[%emt 0:01:36]} Bf8 {[%emt 0:01:18]} 9. Qf3 {[%emt 0:03:59]} c6 {
[%emt 0:01:08]} 10. O-O-O {[%emt 0:00:44]} Nbd7 {[%emt 0:05:14]} 11. g4 {
[%emt 0:02:22]} Ne5 {[%emt 0:00:10]} 12. Qg2 {[%emt 0:00:10]} Nxd3+ {[%emt 0:
02:42]} 13. Rxd3 {[%emt 0:00:19]} Nd7 {[%emt 0:03:00]} 14. Rhd1 {[%emt 0:04:18]
} Ne5 {[%emt 0:02:29]} 15. R3d2 {[%emt 0:00:37]} Nc4 {[%emt 0:00:34]} 16. Re2 {
[%emt 0:00:18]} Qb6 {[%emt 0:02:03]} 17. Nb3 {[%emt 0:00:18]} Nxe3 {[%emt 0:00:
07]} 18. Rxe3 {[%emt 0:00:09]} Be6 {[%emt 0:05:01]} 19. Nd4 {[%emt 0:01:12]} a5
{[%emt 0:03:21]} 20. Qg3 {[%emt 0:01:32]} a4 {[%emt 0:01:34]} 21. f4 Qa5 {
[%emt 0:05:49]} 22. f5 {[%emt 0:01:47]} Bd7 {[%emt 0:00:17]} 23. Nce2 {[%emt 0:
03:35]} Qe5 {[%emt 0:10:29]} 24. Nf4 {[%emt 0:01:56]} a3 {[%emt 0:02:51]} 25.
Rb3 {[%emt 0:04:48]} axb2+ {[%emt 0:00:56]} 26. Rxb2 {[%emt 0:00:13]} b5 {
[%emt 0:01:26]} 27. Nf3 {[%emt 0:04:30]} Qxe4 {[%emt 0:02:30]} 28. Re1 {
[%emt 0:00:04]} Qc4 {[%emt 0:01:40]} 29. Nd3 {[%emt 0:04:07]} Rxe1+ {[%emt 0:
01:23]} 30. Qxe1 {[%emt 0:00:24]} Rxa2 {[%emt 0:01:55]} 31. Rxa2 {[%emt 0:00:
33]} Qxa2 {[%emt 0:00:07]} 32. Qe4 {[%emt 0:00:44]} Qa4 {[%emt 0:05:03]} 33.
Qe3 {[%emt 0:02:10]} Qc4 {[%emt 0:05:51]} 34. Qa7 {[%emt 0:00:58]} Be8 {
[%emt 0:01:17]} 35. Nd2 {[%emt 0:00:45]} Qd5 {[%emt 0:12:15]} 36. Qa8 {[%emt 0:
04:36]} Qh1+ {[%emt 0:05:06]} 37. Kb2 {[%emt 0:00:10]} Qg2 {[%emt 0:00:41]} 38.
Qxe8 {[%emt 0:01:56]} Qxd2 {[%emt 0:00:20]} 39. Qxc6 {[%emt 0:03:26]} Qe3 {
[%emt 0:00:30]} 40. Qxb5 {[%emt 0:01:34]} Qxh3 {[%emt 0:01:06]} 41. Qc4 {
[%emt 0:00:50]} Qh4 {[%emt 0:01:14]} 42. Kb3 {[%emt 0:00:34]} Qe7 {[%emt 0:00:
22]} 43. Qd5 {[%emt 0:04:12]} Qc7 {[%emt 0:01:23]} 44. g5 {[%emt 0:02:03]} Qb8+
{[%emt 0:05:06]} 45. Nb4 {[%emt 0:01:54]} g6 {[%emt 0:01:16]} 46. f6 {[%emt 0:
02:18]} h6 {[%emt 0:03:23]} 47. gxh6 {[%emt 0:01:25]} Bxh6 {[%emt 0:00:08]} 48.
Kc4 {[%emt 0:00:44]} Bf8 {[%emt 0:05:29]} 49. Nc6 {[%emt 0:04:45]} Qc8 {
[%emt 0:02:29]} 50. Kb5 {[%emt 0:04:16]} Qe6 {[%emt 0:03:07]} 51. Qg5 {[%emt 0:
03:26]} Qd7 {[%emt 0:06:35]} 52. Kb6 {[%emt 0:01:37]} Qe8 {[%emt 0:53:20]} 53.
Qh4 Qe3+ 54. Kc7 Qe8 55. Ne7+ Bxe7 56. fxe7 Kg7 57. Qd4+ f6 58. Kxd6 Qb8+ 59.
Ke6 Qc8+ 60. Qd7 Qc4+ 61. Kd6 Qd4+ 62. Kc7 Qa7+ 63. Kd8 Qa8+ 64. Qc8 Qd5+
1/2-1/2

[Event "2019 Tom Weston Open Major"]
[Site "Cardiff"]
[Date "2019.04.22"]
[Round "7.5"]
[White "Fraser, Susanna"]
[Black "Quinn, Peter"]
[Result "1/2-1/2"]
[WhiteElo "1649"]
[BlackElo "1784"]
[PlyCount "28"]
[EventDate "2019.04.19"]
[EventType "swiss"]
[EventRounds "7"]
[EventCountry "WLS"]

1. d4 {[%emt 0:01:13]} Nf6 {[%emt 0:00:07]} 2. c4 {[%emt 0:00:14]} g6 {[%emt 0:
00:28]} 3. Nf3 {[%emt 0:00:03]} Bg7 {[%emt 0:00:29]} 4. g3 {[%emt 0:00:24]} d5
{[%emt 0:01:36]} 5. Bg2 {[%emt 0:00:12]} c6 {[%emt 0:00:43]} 6. O-O {[%emt 0:
00:37]} O-O {[%emt 0:00:58]} 7. cxd5 {[%emt 0:02:00]} Nxd5 {[%emt 0:00:24]} 8.
Qc2 {[%emt 0:02:35]} Qb6 {[%emt 0:01:15]} 9. Nc3 {[%emt 0:02:46]} Nb4 {[%emt 0:
04:49]} 10. Qd2 {[%emt 0:14:50]} Bg4 {[%emt 0:10:22]} 11. Na4 {[%emt 0:10:01]}
Qb5 {[%emt 0:05:34]} 12. Nc3 {[%emt 0:01:13]} Qb6 {[%emt 0:03:57]} 13. Na4 {
[%emt 0:00:22]} Qb5 {[%emt 0:00:15]} 14. Nc3 {[%emt 0:06:16]} Qb6 {[%emt 0:00:
07]} 1/2-1/2

[Event "2019 Tom Weston Open Major"]
[Site "Cardiff"]
[Date "2019.04.22"]
[Round "7.6"]
[White "Mcintosh, David"]
[Black "Thomas, Roy"]
[Result "1/2-1/2"]
[WhiteElo "1484"]
[BlackElo "1737"]
[PlyCount "98"]
[EventDate "2019.04.19"]
[EventType "swiss"]
[EventRounds "7"]
[EventCountry "WLS"]

1. d4 {[%emt 0:00:02]} f5 {[%emt 0:01:53]} 2. c4 {[%emt 0:00:13]} e6 {[%emt 0:
00:43]} 3. Nc3 {[%emt 0:00:22]} Nf6 {[%emt 0:00:05]} 4. g3 {[%emt 0:01:02]} Be7
{[%emt 0:00:13]} 5. Bg2 {[%emt 0:00:36]} O-O {[%emt 0:00:14]} 6. Nf3 {[%emt 0:
00:31]} d6 {[%emt 0:01:19]} 7. O-O {[%emt 0:00:46]} a5 {[%emt 0:02:12]} 8. a3 {
[%emt 0:03:38]} Ne4 {[%emt 0:01:39]} 9. Qc2 {[%emt 0:07:13]} Nxc3 {[%emt 0:08:
26]} 10. Qxc3 {[%emt 0:00:08]} Nd7 {[%emt 0:00:11]} 11. b4 {[%emt 0:04:19]} a4
{[%emt 0:00:29]} 12. e3 {[%emt 0:02:40]} Bf6 {[%emt 0:01:00]} 13. Bb2 {[%emt 0:
01:20]} Qe8 {[%emt 0:03:06]} 14. c5 {[%emt 0:04:56]} e5 {[%emt 0:07:39]} 15. c6
{[%emt 0:02:38]} Nb6 {[%emt 0:00:40]} 16. cxb7 {[%emt 0:05:51]} Bxb7 {[%emt 0:
00:02]} 17. Qxc7 {[%emt 0:00:53]} Rf7 {[%emt 0:10:12]} 18. Qc2 {[%emt 0:06:32]}
Rc8 {[%emt 0:00:32]} 19. Qd1 {[%emt 0:01:05]} Nc4 {[%emt 0:03:51]} 20. Bc1 {
[%emt 0:00:32]} Rfc7 {[%emt 0:03:19]} 21. Nd2 {[%emt 0:02:47]} Bxg2 {[%emt 0:
02:57]} 22. Kxg2 {[%emt 0:00:09]} Qc6+ {[%emt 0:00:22]} 23. Qf3 {[%emt 0:01:39]
} exd4 {[%emt 0:02:41]} 24. Qxc6 {[%emt 0:01:06]} Rxc6 {[%emt 0:00:04]} 25.
Nxc4 {[%emt 0:00:45]} Rxc4 {[%emt 0:22:15]} 26. Bb2 {[%emt 0:00:24]} R8c6 {
[%emt 0:08:22]} 27. Rfd1 {[%emt 0:02:49]} dxe3 {[%emt 0:03:36]} 28. Bxf6 {
[%emt 0:00:17]} e2 {[%emt 0:03:59]} 29. Re1 {[%emt 0:01:02]} gxf6 {[%emt 0:00:
12]} 30. Rxe2 {[%emt 0:00:16]} d5 {[%emt 0:01:01]} 31. Rd2 {[%emt 0:01:06]} d4
{[%emt 0:00:02]} 32. Rad1 {[%emt 0:00:35]} Rd6 {[%emt 0:02:21]} 33. Rd3 {
[%emt 0:00:26]} Kf7 {[%emt 0:00:11]} 34. Re1 {[%emt 0:02:58]} Rc3 {[%emt 0:04:
32]} 35. Rxc3 {[%emt 0:02:22]} dxc3 {[%emt 0:00:05]} 36. Rc1 {[%emt 0:01:21]}
Rd3 {[%emt 0:00:19]} 37. Kf1 {[%emt 0:00:57]} c2 {[%emt 0:00:36]} 38. Rxc2 {
[%emt 0:00:35]} Rxa3 {[%emt 0:00:04]} 39. Rc7+ {[%emt 0:00:39]} Kg6 {[%emt 0:
00:14]} 40. Ra7 {[%emt 0:00:35]} Ra2 {[%emt 0:00:23]} 41. b5 {[%emt 0:02:01]}
a3 {[%emt 0:00:02]} 42. b6 {[%emt 0:01:08]} Ra1+ {[%emt 0:05:00]} 43. Kg2 {
[%emt 0:00:11]} a2 {[%emt 0:01:21]} 44. b7 {[%emt 0:00:16]} Rb1 {[%emt 0:00:06]
} 45. Rxa2 {[%emt 0:00:29]} Rxb7 {[%emt 0:00:06]} 46. Ra4 {[%emt 0:02:41]} Re7
{[%emt 0:00:28]} 47. f3 {[%emt 0:02:08]} Re2+ {[%emt 0:02:14]} 48. Kh3 {
[%emt 0:00:40]} Rf2 {[%emt 0:01:01]} 49. f4 {[%emt 0:02:13]} Rf1 {[%emt 0:06:
06]} 1/2-1/2

[Event "2019 Tom Weston Open Major"]
[Site "Cardiff"]
[Date "2019.04.22"]
[Round "7.7"]
[White "Simpson, Rui"]
[Black "Sipho, Donovon"]
[Result "0-1"]
[WhiteElo "1718"]
[BlackElo "1486"]
[PlyCount "88"]
[EventDate "2019.04.19"]
[EventType "swiss"]
[EventRounds "7"]
[EventCountry "WLS"]

1. c4 {[%emt 0:00:12]} e5 {[%emt 0:00:08]} 2. Nc3 {[%emt 0:00:07]} Nf6 {
[%emt 0:00:19]} 3. g3 {[%emt 0:00:09]} c6 {[%emt 0:00:40]} 4. Bg2 {[%emt 0:00:
07]} Be7 {[%emt 0:00:18]} 5. d3 {[%emt 0:02:20]} O-O {[%emt 0:00:07]} 6. Nf3 {
[%emt 0:02:17]} d6 {[%emt 0:00:51]} 7. O-O {[%emt 0:01:20]} Be6 {[%emt 0:01:07]
} 8. Qb3 {[%emt 0:03:58]} Qc8 {[%emt 0:00:32]} 9. Ng5 {[%emt 0:02:31]} Bd7 {
[%emt 0:01:08]} 10. Nge4 {[%emt 0:01:05]} Nxe4 {[%emt 0:01:11]} 11. Nxe4 {
[%emt 0:00:41]} Be6 {[%emt 0:00:38]} 12. Bd2 {[%emt 0:05:36]} d5 {[%emt 0:05:
49]} 13. cxd5 {[%emt 0:05:26]} Bxd5 {[%emt 0:00:39]} 14. Qc2 {[%emt 0:01:16]}
f5 {[%emt 0:02:10]} 15. Nc3 {[%emt 0:05:11]} Bxg2 {[%emt 0:00:09]} 16. Kxg2 {
[%emt 0:00:02]} Nd7 {[%emt 0:00:58]} 17. Nd1 {[%emt 0:03:49]} Nb6 {[%emt 0:04:
14]} 18. Ne3 {[%emt 0:02:56]} Qe6 {[%emt 0:01:24]} 19. Qb3 {[%emt 0:07:15]}
Qxb3 {[%emt 0:00:29]} 20. axb3 Nd5 {[%emt 0:04:16]} 21. Nc4 {[%emt 0:01:35]}
Bf6 {[%emt 0:02:00]} 22. Nd6 {[%emt 0:06:28]} b6 {[%emt 0:00:56]} 23. Nxf5 {
[%emt 0:00:36]} a5 {[%emt 0:02:30]} 24. Rfc1 {[%emt 0:05:34]} c5 {[%emt 0:01:
58]} 25. g4 {[%emt 0:04:28]} Nf4+ {[%emt 0:02:14]} 26. Bxf4 {[%emt 0:00:29]}
exf4 {[%emt 0:00:05]} 27. Rc2 {[%emt 0:00:45]} Rad8 {[%emt 0:00:26]} 28. Kf3 {
[%emt 0:01:27]} g6 {[%emt 0:00:36]} 29. Nh6+ {[%emt 0:02:08]} Kg7 {[%emt 0:00:
07]} 30. g5 {[%emt 0:00:07]} Bxg5 {[%emt 0:00:34]} 31. Ng4 {[%emt 0:00:07]} Rf5
{[%emt 0:01:46]} 32. b4 {[%emt 0:10:28]} axb4 {[%emt 0:07:23]} 33. Ra7+ {
[%emt 0:00:54]} Kg8 {[%emt 0:00:49]} 34. Rb7 {[%emt 0:03:04]} h5 {[%emt 0:03:
29]} 35. h4 {[%emt 0:01:59]} hxg4+ {[%emt 0:00:23]} 36. Kxg4 {[%emt 0:00:05]}
Bh6 {[%emt 0:02:00]} 37. Rxb6 {[%emt 0:02:03]} Kh7 {[%emt 0:01:12]} 38. h5 {
[%emt 0:01:05]} Rxh5 {[%emt 0:00:46]} 39. Rc4 {[%emt 0:01:59]} Re5 {[%emt 0:02:
14]} 40. Rb7+ {[%emt 0:00:47]} Kg8 {[%emt 0:02:49]} 41. Rb5 {[%emt 0:01:33]}
Rxe2 {[%emt 0:02:59]} 42. Rcxc5 {[%emt 0:00:59]} Rxf2 {[%emt 0:01:32]} 43. Rxb4
{[%emt 0:00:15]} Bf8 {[%emt 0:00:09]} 44. Rxf4 {[%emt 0:00:28]} Rxf4+ {[%emt 0:
00:11]} 0-1

[Event "2019 Tom Weston Open Major"]
[Site "Cardiff"]
[Date "2019.04.22"]
[Round "7.8"]
[White "Mcintosh, Rachel"]
[Black "Camp, Syringa Lyn"]
[Result "0-1"]
[WhiteElo "1502"]
[BlackElo "1655"]
[PlyCount "112"]
[EventDate "2019.04.19"]
[EventType "swiss"]
[EventRounds "7"]
[EventCountry "WLS"]

1. e4 {[%emt 0:00:03]} c5 {[%emt 0:00:05]} 2. Nc3 {[%emt 0:00:14]} d6 {[%emt 0:
01:02]} 3. f4 {[%emt 0:00:38]} Nc6 {[%emt 0:02:29]} 4. Bc4 {[%emt 0:01:20]} e6
{[%emt 0:01:44]} 5. Nf3 {[%emt 0:01:57]} Nf6 {[%emt 0:01:42]} 6. d3 {[%emt 0:
01:02]} a6 {[%emt 0:04:26]} 7. a4 {[%emt 0:00:46]} Be7 {[%emt 0:05:43]} 8. O-O
{[%emt 0:01:19]} Bd7 {[%emt 0:07:38]} 9. f5 {[%emt 0:11:15]} d5 {[%emt 0:10:10]
} 10. exd5 {[%emt 0:07:46]} exd5 {[%emt 0:03:15]} 11. Nxd5 {[%emt 0:02:36]}
Bxf5 {[%emt 0:01:48]} 12. Nxe7 {[%emt 0:03:07]} Nxe7 {[%emt 0:01:41]} 13. Qe2 {
[%emt 0:04:38]} O-O {[%emt 0:01:37]} 14. Bg5 {[%emt 0:02:29]} Qd6 {[%emt 0:04:
26]} 15. Rae1 {[%emt 0:04:58]} Nc6 {[%emt 0:10:29]} 16. Bxf6 {[%emt 0:04:16]}
Qxf6 {[%emt 0:00:58]} 17. c3 {[%emt 0:03:27]} Qd8 {[%emt 0:04:11]} 18. Qd2 {
[%emt 0:11:50]} Na5 {[%emt 0:03:36]} 19. Re2 {[%emt 0:10:30]} Nxc4 {[%emt 0:02:
24]} 20. dxc4 {[%emt 0:00:27]} Bd3 {[%emt 0:00:43]} 21. Rd1 {[%emt 0:03:52]}
Bxe2 {[%emt 0:00:47]} 22. Qxe2 {[%emt 0:00:18]} Qe8 {[%emt 0:01:11]} 23. Qxe8 {
[%emt 0:01:59]} Rfxe8 {[%emt 0:00:25]} 24. Rd7 {[%emt 0:01:26]} Rab8 {[%emt 0:
02:36]} 25. Kf2 {[%emt 0:01:12]} f6 {[%emt 0:00:57]} 26. Rc7 {[%emt 0:00:59]}
b6 {[%emt 0:00:41]} 27. Ra7 {[%emt 0:00:27]} a5 {[%emt 0:06:43]} 28. Rd7 {
[%emt 0:00:41]} Kf8 {[%emt 0:00:39]} 29. b3 {[%emt 0:02:16]} Re7 {[%emt 0:00:
56]} 30. Rd6 {[%emt 0:00:50]} Ke8 {[%emt 0:00:53]} 31. Nh4 {[%emt 0:01:02]} Rd7
{[%emt 0:01:10]} 32. Re6+ {[%emt 0:02:52]} Kf7 {[%emt 0:00:37]} 33. Re3 {
[%emt 0:00:42]} Rbd8 {[%emt 0:01:12]} 34. Nf5 {[%emt 0:01:34]} Rd2+ {[%emt 0:
02:37]} 35. Kf3 {[%emt 0:02:50]} R8d3 {[%emt 0:02:22]} 36. h3 {[%emt 0:03:32]}
g6 {[%emt 0:01:36]} 37. Nh6+ {[%emt 0:02:21]} Kg7 {[%emt 0:00:26]} 38. Ng4 {
[%emt 0:00:27]} h5 {[%emt 0:00:40]} 39. Nf2 {[%emt 0:00:34]} Rxe3+ {[%emt 0:00:
26]} 40. Kxe3 {[%emt 0:00:12]} Rb2 {[%emt 0:00:38]} 41. g3 {[%emt 0:00:47]}
Rxb3 {[%emt 0:01:10]} 42. Kd3 {[%emt 0:01:12]} Ra3 {[%emt 0:02:09]} 43. Nd1 {
[%emt 0:02:48]} Rxa4 {[%emt 0:01:15]} 44. Nb2 {[%emt 0:52:26]} Ra1 45. Kc2 Rg1
46. Na4 Rxg3 47. Nxb6 Kf7 48. Na4 Rg5 49. Kb3 Ke7 50. Nb6 f5 51. Nd5+ Kd6 52.
Ka4 Rg3 53. Kxa5 Rxh3 54. Kb5 g5 55. Nf6 Rxc3 56. Nxh5 Rb3+ 0-1

[Event "2019 Tom Weston Open Major"]
[Site "Cardiff"]
[Date "2019.04.22"]
[Round "7.9"]
[White "Williams, Gavin"]
[Black "Lewis, David"]
[Result "0-1"]
[WhiteElo "1646"]
[BlackElo "1558"]
[PlyCount "76"]
[EventDate "2019.04.19"]
[EventType "swiss"]
[EventRounds "7"]
[EventCountry "WLS"]

1. e4 {[%emt 0:00:03]} c5 {[%emt 0:03:22]} 2. d4 {[%emt 0:01:48]} cxd4 {
[%emt 0:01:23]} 3. c3 dxc3 {[%emt 0:04:44]} 4. Nxc3 Nc6 {[%emt 0:00:41]} 5. Nf3
d6 {[%emt 0:01:02]} 6. Bc4 e6 {[%emt 0:01:58]} 7. O-O {[%emt 0:02:49]} Be7 {
[%emt 0:05:26]} 8. Qe2 {[%emt 0:00:11]} a6 {[%emt 0:07:35]} 9. Rd1 {[%emt 0:09:
18]} b5 10. Bb3 Bb7 {[%emt 0:06:37]} 11. Bf4 {[%emt 0:09:08]} g5 {[%emt 0:00:
57]} 12. Be3 {[%emt 0:00:24]} h6 {[%emt 0:03:06]} 13. Rac1 {[%emt 0:02:41]} g4
{[%emt 0:02:12]} 14. Nd4 h5 {[%emt 0:02:34]} 15. Nxe6 fxe6 16. Bxe6 Nf6 {
[%emt 0:10:15]} 17. Nd5 Nxd5 {[%emt 0:06:12]} 18. exd5 Ne5 {[%emt 0:03:03]} 19.
Bd4 Bf6 20. Bxe5 Bxe5 21. Qc2 Qe7 22. Qg6+ Kd8 23. Rc2 Qf6 24. Qd3 Bc8 25.
Rxc8+ Rxc8 {[%emt 0:22:25]} 26. Bxc8 Kxc8 {[%emt 0:00:32]} 27. Qc2+ Kb8 {
[%emt 0:02:32]} 28. Rc1 {[%emt 0:00:30]} Qf7 {[%emt 0:02:46]} 29. Qd3 {[%emt 0:
01:28]} Qb7 {[%emt 0:03:38]} 30. Rc6 {[%emt 0:01:45]} Rc8 {[%emt 0:02:12]} 31.
Qe4 {[%emt 0:00:15]} Bxb2 {[%emt 0:01:21]} 32. g3 {[%emt 0:01:45]} Be5 {
[%emt 0:01:33]} 33. Qc2 {[%emt 0:01:32]} Bd4 {[%emt 0:01:22]} 34. Qd3 {[%emt 0:
00:41]} Bc5 {[%emt 0:00:37]} 35. Qe4 {[%emt 0:00:29]} Rxc6 {[%emt 0:01:25]} 36.
dxc6 {[%emt 0:00:10]} Qc8 {[%emt 0:00:41]} 37. Qd5 {[%emt 0:00:46]} Ka7 {
[%emt 0:00:43]} 38. Qf7+ {[%emt 0:00:53]} Kb6 {[%emt 0:00:11]} 0-1

[Event "2019 Tom Weston Open Major"]
[Site "Cardiff"]
[Date "2019.04.22"]
[Round "7.10"]
[White "Harding, Gareth"]
[Black "Probert, Malcolm"]
[Result "1/2-1/2"]
[WhiteElo "1557"]
[BlackElo "1585"]
[PlyCount "47"]
[EventDate "2019.04.19"]
[EventType "swiss"]
[EventRounds "7"]
[EventCountry "WLS"]
[WhiteClock "1:30:52"]
[BlackClock "1:30:53"]

1. d4 {[%emt 0:03:32]} d5 {[%emt 0:00:07]} 2. Nc3 Nf6 3. Bf4 g6 4. e3 Bg7 5.
Nf3 O-O 6. Be2 c5 7. h3 Nc6 8. O-O Bf5 9. a3 Ne4 10. Rb1 cxd4 11. exd4 Rc8 12.
g4 Be6 13. Re1 Qd7 14. Ne5 Nxe5 15. dxe5 Nxc3 16. bxc3 Rxc3 17. Rb3 Rfc8 18.
Qd4 R3c5 19. f3 b6 20. c3 Qc7 21. Rc1 Bd7 22. Bg3 e6 23. Kg2 a5 24. a4 1/2-1/2

[Event "2019 Tom Weston Open Major"]
[Site "Cardiff"]
[Date "2019.04.22"]
[Round "7.11"]
[White "Morgans, Justin"]
[Black "Williams, Stephen"]
[Result "0-1"]
[WhiteElo "1660"]
[BlackElo "1644"]
[PlyCount "130"]
[EventDate "2019.04.19"]
[EventType "swiss"]
[EventRounds "7"]
[EventCountry "WLS"]

1. d4 {[%emt 0:02:20]} d5 {[%emt 0:00:09]} 2. Bf4 {[%emt 0:00:10]} Nf6 {
[%emt 0:00:13]} 3. Nf3 {[%emt 0:00:24]} c5 {[%emt 0:00:18]} 4. e3 {[%emt 0:00:
18]} Nc6 {[%emt 0:00:32]} 5. Be2 {[%emt 0:01:04]} Qb6 {[%emt 0:00:42]} 6. b3 {
[%emt 0:01:23]} Bf5 {[%emt 0:01:49]} 7. O-O {[%emt 0:00:33]} e6 {[%emt 0:00:28]
} 8. c4 {[%emt 0:03:05]} cxd4 {[%emt 0:02:02]} 9. exd4 {[%emt 0:01:11]} Be7 {
[%emt 0:00:56]} 10. c5 {[%emt 0:03:27]} Qd8 {[%emt 0:00:09]} 11. Nc3 {[%emt 0:
01:08]} O-O {[%emt 0:02:55]} 12. a3 {[%emt 0:03:11]} a5 {[%emt 0:00:39]} 13.
Na4 {[%emt 0:01:11]} Nd7 {[%emt 0:02:02]} 14. Rc1 {[%emt 0:03:08]} Rc8 {
[%emt 0:03:30]} 15. Qd2 {[%emt 0:01:56]} b6 {[%emt 0:01:49]} 16. Ba6 {[%emt 0:
03:55]} bxc5 {[%emt 0:00:48]} 17. Bxc8 {[%emt 0:01:29]} Qxc8 {[%emt 0:00:12]}
18. Nxc5 {[%emt 0:03:36]} Nxc5 {[%emt 0:02:27]} 19. dxc5 {[%emt 0:01:13]} f6 {
[%emt 0:02:20]} 20. Bg3 {[%emt 0:06:48]} Rd8 {[%emt 0:01:02]} 21. b4 {[%emt 0:
01:47]} axb4 {[%emt 0:01:33]} 22. axb4 {[%emt 0:00:06]} e5 {[%emt 0:04:45]} 23.
Ra1 {[%emt 0:05:38]} Qb7 {[%emt 0:00:48]} 24. Ra4 {[%emt 0:01:21]} Qb5 {
[%emt 0:02:19]} 25. Rfa1 {[%emt 0:00:17]} d4 {[%emt 0:01:01]} 26. Nh4 {[%emt 0:
11:54]} Be6 {[%emt 0:00:34]} 27. f3 {[%emt 0:00:26]} d3 {[%emt 0:02:35]} 28.
Bf2 {[%emt 0:00:58]} Bb3 {[%emt 0:00:49]} 29. Ra8 {[%emt 0:04:32]} Qxb4 {
[%emt 0:01:09]} 30. Rxd8+ {[%emt 0:00:53]} Bxd8 {[%emt 0:01:06]} 31. Qxb4 {
[%emt 0:01:31]} Nxb4 {[%emt 0:00:37]} 32. Ra8 {[%emt 0:00:37]} Nc6 {[%emt 0:00:
41]} 33. Be3 {[%emt 0:00:16]} Kf7 {[%emt 0:03:01]} 34. Rc8 {[%emt 0:01:03]} Bd5
{[%emt 0:00:55]} 35. Bd2 {[%emt 0:05:25]} g6 {[%emt 0:02:55]} 36. Kf2 {[%emt 0:
00:20]} Be7 {[%emt 0:01:24]} 37. Rc7 {[%emt 0:00:59]} Ke6 {[%emt 0:00:36]} 38.
Rxe7+ {[%emt 0:01:59]} Nxe7 {[%emt 0:01:01]} 39. g3 {[%emt 0:02:37]} f5 {
[%emt 0:01:04]} 40. Ng2 Nc6 {[%emt 0:05:09]} 41. Ke3 Bc4 {[%emt 0:07:33]} 42.
Ne1 Kd5 {[%emt 0:02:24]} 43. Nxd3 Bxd3 {[%emt 0:00:38]} 44. Kxd3 Kxc5 {[%emt 0:
00:18]} 45. Bc3 Kd5 {[%emt 0:01:37]} 46. h3 {[%emt 0:07:35]} h5 {[%emt 0:00:33]
} 47. g4 hxg4 {[%emt 0:02:08]} 48. hxg4 {[%emt 0:00:22]} f4 {[%emt 0:01:43]}
49. Bb2 {[%emt 0:01:44]} Nd8 {[%emt 0:00:34]} 50. Ba3 {[%emt 0:00:52]} Ne6 {
[%emt 0:00:22]} 51. Bb2 {[%emt 0:00:30]} Nc5+ {[%emt 0:02:41]} 52. Ke2 {
[%emt 0:00:37]} e4 {[%emt 0:00:42]} 53. Bg7 {[%emt 0:02:03]} e3 {[%emt 0:01:55]
} 54. Bb2 {[%emt 0:01:19]} Ne6 {[%emt 0:00:57]} 55. Kd3 {[%emt 0:00:45]} Nc5+ {
[%emt 0:00:59]} 56. Ke2 {[%emt 0:00:14]} Kc4 {[%emt 0:01:00]} 57. Be5 {[%emt 0:
01:09]} Ne6 {[%emt 0:00:52]} 58. Bxf4 {[%emt 0:02:42]} Nxf4+ {[%emt 0:00:39]}
59. Kxe3 {[%emt 0:00:14]} g5 {[%emt 0:01:20]} 60. Ke4 {[%emt 0:00:20]} Kc3 {
[%emt 0:03:18]} 61. Ke3 {[%emt 0:01:27]} Kc2 {[%emt 0:00:33]} 62. Ke4 {[%emt 0:
03:16]} Kd2 {[%emt 0:00:12]} 63. Kf5 {[%emt 0:00:04]} Nh3 {[%emt 0:00:23]} 64.
f4 {[%emt 0:00:09]} gxf4 {[%emt 0:00:27]} 65. g5 {[%emt 0:00:13]} f3 {[%emt 0:
00:09]} 0-1

[Event "2019 Tom Weston Open Major"]
[Site "Cardiff"]
[Date "2019.04.22"]
[Round "7.12"]
[White "Parri, Deio"]
[Black "Blackmore, Simon"]
[Result "1/2-1/2"]
[WhiteElo "1652"]
[BlackElo "1738"]
[PlyCount "61"]
[EventDate "2019.04.19"]
[EventType "swiss"]
[EventRounds "7"]
[EventCountry "WLS"]

1. d4 {[%emt 0:00:02]} d5 {[%emt 0:00:02]} 2. c4 {[%emt 0:00:05]} Nc6 {[%emt 0:
00:21]} 3. Nf3 {[%emt 0:00:37]} Nf6 {[%emt 0:00:22]} 4. Nc3 {[%emt 0:00:17]}
Bg4 {[%emt 0:05:32]} 5. e3 {[%emt 0:00:07]} e5 {[%emt 0:02:02]} 6. Be2 {
[%emt 0:02:49]} dxc4 {[%emt 0:05:32]} 7. dxe5 {[%emt 0:08:00]} Qxd1+ {[%emt 0:
00:45]} 8. Bxd1 {[%emt 0:00:13]} Nd7 {[%emt 0:00:25]} 9. h3 {[%emt 0:01:43]}
Be6 {[%emt 0:01:20]} 10. Nd4 {[%emt 0:09:43]} Ndxe5 {[%emt 0:06:58]} 11. Ba4 {
[%emt 0:04:48]} Bd7 {[%emt 0:01:43]} 12. O-O {[%emt 0:03:55]} Nxd4 {[%emt 0:16:
49]} 13. Bxd7+ {[%emt 0:04:39]} Kxd7 {[%emt 0:03:55]} 14. exd4 {[%emt 0:01:48]}
Nc6 {[%emt 0:10:19]} 15. Be3 {[%emt 0:04:18]} Bd6 {[%emt 0:04:10]} 16. a3 {
[%emt 0:04:50]} a6 {[%emt 0:04:40]} 17. Rfd1 {[%emt 0:01:28]} Rhe8 {[%emt 0:01:
55]} 18. Kf1 {[%emt 0:05:52]} Ne7 {[%emt 0:03:10]} 19. Ne2 {[%emt 0:04:05]} Nd5
{[%emt 0:00:57]} 20. Bd2 {[%emt 0:00:41]} Re6 {[%emt 0:02:02]} 21. Nc3 {
[%emt 0:01:15]} c6 {[%emt 0:00:09]} 22. Nxd5 {[%emt 0:00:25]} cxd5 {[%emt 0:00:
11]} 23. Be3 {[%emt 0:01:05]} f5 {[%emt 0:02:59]} 24. Bd2 {[%emt 0:02:56]} Rae8
{[%emt 0:02:05]} 25. Re1 {[%emt 0:00:26]} Be7 {[%emt 0:03:08]} 26. Rxe6 {
[%emt 0:00:28]} Kxe6 {[%emt 0:00:16]} 27. Re1+ {[%emt 0:00:17]} Kd7 {[%emt 0:
07:36]} 28. Re5 {[%emt 0:00:27]} Kc6 {[%emt 0:00:15]} 29. Bb4 {[%emt 0:00:59]}
Kd7 {[%emt 0:00:53]} 30. Rxd5+ {[%emt 0:01:17]} Kc6 {[%emt 0:00:55]} 31. Re5 {
[%emt 0:00:35]} 1/2-1/2